000 00365nam a22001577a 4500
003 MPLRDC
005 20220104142523.0
008 210129b ||||| |||| 00| 0 eng d
082 _a030 YSM
100 _a余思牧编著
245 _a国学新话
_c
260 _a
_b香港侨光书店
_c1955
300 _b
650 _a汉学总论
942 _cBK
_o030 YSM
999 _c31545
_d31535